[Event "CYCC U12"]
[Site "Windsor CAN"]
[Date "2016.07.07"]
[Round "4.52"]
[White "Lin, Benjamin"]
[Black "Li, Jack"]
[Result "1/2-1/2"]
[WhiteElo "1911"]
[BlackElo "1546"]
[PlyCount "282"]
[EventDate "2016.07.05"]
[EventType "swiss"]
[EventRounds "7"]
[EventCountry "CAN"]

1. c4 e5 2. g3 f5 3. d4 exd4 4. Qxd4 Nc6 5. Qe3+ Qe7 6. a3 Qxe3 7. Bxe3 a5 8.
Nc3 Be7 9. Nb5 Bd8 10. Bg2 Nf6 11. c5 O-O 12. Bf4 d6 13. cxd6 cxd6 14. Nxd6 Bc7
15. Nh3 Rd8 16. O-O-O Bxd6 17. Rxd6 Rxd6 18. Bxd6 Be6 19. Rd1 Rc8 20. Kb1 Bb3
21. Rd2 Re8 22. e3 Ne4 23. Bxe4 Rxe4 24. Ng5 Re8 25. Bc7 a4 26. Rd7 h6 27. Nf3
Re4 28. Nd4 Nxd4 29. Rxd4 Rxd4 30. exd4 Kf7 31. Kc1 Ke7 32. Kd2 g6 33. Ke3 Ke6
34. h4 h5 35. Ba5 Bd5 36. Kf4 Bb3 37. Bc7 Bd5 38. Ke3 b5 39. Kd3 Bc4+ 40. Kc3
Kd5 41. Bf4 Bf1 42. Be3 Bc4 43. Kb4 Be2 44. Ka5 Kc6 45. Ka6 Bc4 46. Ka7 Be6 47.
Kb8 Bd7 48. d5+ Kxd5 49. Kc7 Ke6 50. Kd8 Bc6 51. Bf4 Kf7 52. Kc7 Bd5 53. Kd6
Bc4 54. Be5 Bd3 55. Bc3 Bc4 56. Ke5 Be2 57. Kf4 Bc4 58. f3 Be2 59. Bd4 Bc4 60.
g4 fxg4 61. fxg4 hxg4 62. Kxg4 Be2+ 63. Kf4 Bc4 64. Ke5 Be2 65. Kd6 Bc4 66. Kc5
Be2 67. Bc3 Bf1 68. Kb4 Be2 69. Bd2 Bf1 70. Bg5 Be2 71. Kc5 Bf1 72. Kd6 Be2 73.
Ke5 Bc4 74. Bd2 Bf1 75. Bc3 Be2 76. Kd4 Bf1 77. Kc5 Be2 78. Bh8 Bf1 79. Kb4 Be2
80. Be5 Bf1 81. Bh2 Be2 82. Bg3 Bf1 83. Bf4 Be2 84. Bc1 Bf1 85. Kc5 Be2 86. Kd4
Bf1 87. Ke3 Bc4 88. Bd2 Bb3 89. Bc3 Bc4 90. Kd4 Bf1 91. Kc5 Be2 92. Ba5 Bf1 93.
Kb4 Be2 94. Bb6 Bf1 95. Bd4 Be2 96. b3 axb3 97. Kxb3 Bf1 98. Ba1 Be2 99. Kb4
Bf1 100. Bb2 Be2 101. Bc1 Bf1 102. Bd2 Be2 103. Be1 Bf1 104. Bf2 Be2 105. a4
bxa4 106. Kxa4 Bh5 107. Kb4 Ke6 108. Kc4 Ke5 109. Be3 Ke4 110. Bg5 Ke5 111. Kd3
Kf5 112. Ke3 Ke5 113. Kf2 Kf5 114. Kg2 Kg4 115. Kh2 Kf5 116. Kg3 Ke5 117. Bf4+
Ke4 118. Bc1 Ke5 119. Bb2+ Kf5 120. Ba1 Ke4 121. Bh8 Kf5 122. Bg7 Ke4 123. Bh6
Kf5 124. Kh3 Ke4 125. Bg7 Kf5 126. Bh8 Ke4 127. Bf6 Kf5 128. Bg5 Ke4 129. Kg3
Kf5 130. Kf2 Ke4 131. Ke1 Kf5 132. Kd2 Ke4 133. Kc3 Kf5 134. Kd4 Kg4 135. Ke5
Kf3 136. Kf6 Ke4 137. Kg7 Ke5 138. Kh8 Ke6 139. Kg7 Ke5 140. Kh8 Ke6 141. Kg7
Ke5 1/2-1/2

[Event "CYCC U12"]
[Site "Windsor CAN"]
[Date "2016.07.07"]
[Round "4.53"]
[White "Chen, Harry"]
[Black "Hemstapat, Andrew"]
[Result "0-1"]
[WhiteElo "1505"]
[BlackElo "1883"]
[PlyCount "138"]
[EventDate "2016.07.05"]
[EventType "swiss"]
[EventRounds "7"]
[EventCountry "CAN"]

1. e4 e6 2. d4 d5 3. Nc3 Nf6 4. Bg5 Be7 5. e5 Nfd7 6. Bxe7 Qxe7 7. Nf3 a6 8.
Qd2 c5 9. g3 Nc6 10. dxc5 Ndxe5 11. Nxe5 Nxe5 12. Qe3 Nc6 13. Na4 Bd7 14. Nb6
Rd8 15. Qc3 O-O 16. Bg2 Na7 17. Qe3 Bc6 18. Qa3 Nb5 19. Qb4 Qf6 20. O-O Nd4 21.
Qd2 Nf3+ 22. Bxf3 Qxf3 23. Qd3 Qf6 24. c3 Bb5 25. c4 dxc4 26. Qc3 Qxc3 27. bxc3
Rd3 28. Rfc1 Rfd8 29. a4 Bc6 30. Nxc4 R3d5 31. Na5 Rxc5 32. Nxc6 Rxc6 33. Rab1
Rd7 34. c4 Kf8 35. c5 Ke7 36. Rb6 Rdc7 37. Rxc6 Rxc6 38. a5 e5 39. Rb1 Rc7 40.
Rb6 Kd7 41. Rd6+ Kc8 42. Rd5 f6 43. Kg2 Rd7 44. Rd6 Rxd6 45. cxd6 Kd7 46. Kf3
Kxd6 47. Ke4 g6 48. f4 f5+ 49. Ke3 e4 50. Kd4 Kc6 51. Kc4 b5+ 52. axb6 Kxb6 53.
Kb4 a5+ 54. Kc4 a4 55. Kb4 e3 56. Kc3 a3 57. Kc2 e2 58. Kd2 e1=Q+ 59. Kxe1 a2
60. Kf2 a1=Q 61. Kg2 h5 62. Kh3 Kc5 63. Kh4 Qf6+ 64. Kh3 Kd4 65. g4 Ke3 66. g5
Qb2 67. Kg3 Qf2+ 68. Kh3 Qf3+ 69. Kh4 Qg4# 0-1

[Event "CYCC U12"]
[Site "Windsor CAN"]
[Date "2016.07.07"]
[Round "4.54"]
[White "Doknjas, Neil"]
[Black "Richard, Leo"]
[Result "1-0"]
[WhiteElo "1879"]
[BlackElo "1423"]
[PlyCount "123"]
[EventDate "2016.07.05"]
[EventType "swiss"]
[EventRounds "7"]
[EventCountry "CAN"]

1. e4 c5 2. Nf3 e6 3. Nc3 d5 4. exd5 exd5 5. Bb5+ Nc6 6. Qe2+ Be7 7. Ne5 Qd6 8.
d3 a6 9. Bf4 Qe6 10. Nxc6 axb5 11. Nxe7 Qxe2+ 12. Kxe2 Nxe7 13. Nxb5 Kd8 14.
Bd6 b6 15. Bxe7+ Kxe7 16. Nc7 Rb8 17. Nxd5+ Kd6 18. Nc3 Bb7 19. f3 Rhe8+ 20.
Kd2 f5 21. Rhe1 g5 22. Rxe8 Rxe8 23. Re1 Rf8 24. Nb5+ Kd7 25. Na3 g4 26. Nc4 b5
27. Ne5+ Kd6 28. c4 b4 29. fxg4 Bxg2 30. Re2 Bh3 31. gxf5 Rxf5 32. d4 cxd4 33.
Nd3 Bf1 34. Re4 Bxd3 35. Kxd3 Kc5 36. Rxd4 Rf2 37. Rd5+ Kc6 38. b3 Rxh2 39. Rb5
Rxa2 40. Rxb4 h5 41. Rb8 h4 42. Rh8 Rh2 43. Kc3 h3 44. Kb4 Rh1 45. Rh6+ Kd7 46.
c5 h2 47. Kb5 Rb1 48. Rh7+ Ke6 49. Rxh2 Rxb3+ 50. Kc6 Rc3 51. Re2+ Kf7 52. Kd6
Rd3+ 53. Kc7 Rc3 54. c6 Rd3 55. Kc8 Rc3 56. c7 Rb3 57. Re4 Kf8 58. Kd7 Rd3+ 59.
Kc6 Rc3+ 60. Kd6 Rd3+ 61. Kc5 Kf7 62. c8=Q 1-0

[Event "CYCC U12"]
[Site "Windsor CAN"]
[Date "2016.07.07"]
[Round "4.55"]
[White "Tanaka, Tyler"]
[Black "Du, Robert"]
[Result "1-0"]
[WhiteElo "1583"]
[BlackElo "1383"]
[PlyCount "125"]
[EventDate "2016.07.05"]
[EventType "swiss"]
[EventRounds "7"]
[EventCountry "CAN"]

1. e4 c5 2. Nf3 Nc6 3. d4 cxd4 4. Nxd4 g6 5. Nc3 Bg7 6. Be3 d6 7. f3 Nf6 8. Qd2
O-O 9. Bc4 a6 10. Bb3 Qc7 11. O-O-O Bd7 12. Kb1 Rad8 13. g4 e5 14. Nde2 Be6 15.
Nd5 Bxd5 16. Bxd5 Nxd5 17. Qxd5 Ne7 18. Qb3 b5 19. Nc3 Ra8 20. Bg5 h6 21. Bxe7
Qxe7 22. Nd5 Qe6 23. Rd3 Rfd8 24. Rhd1 Bf8 25. c3 Ra7 26. Kc2 Kg7 27. Nb4 Qxb3+
28. Kxb3 Raa8 29. Rd5 Re8 30. R5d2 Red8 31. Nd5 Ra7 32. Ra1 a5 33. a3 Be7 34.
a4 Bg5 35. Rdd1 bxa4+ 36. Rxa4 Bf4 37. h3 Bg3 38. Rda1 Rda8 39. Kc2 Bf2 40. b4
axb4 41. Rxa7 Rxa7 42. Rxa7 Bxa7 43. cxb4 Bd4 44. Kb3 Kf8 45. Kc4 Ke8 46. Kb5
Kd7 47. h4 Bf2 48. h5 gxh5 49. Nf6+ Kc7 50. Nxh5 Be3 51. Nf6 Bg5 52. Nd5+ Kb7
53. Ka5 Bd8+ 54. Kb5 Bg5 55. Nc3 Kc7 56. Ka6 Kb8 57. Kb6 Kc8 58. Kc6 Be7 59.
Nd5 Bf8 60. Ne3 d5 61. exd5 Bxb4 62. Nf5 Bd2 63. d6 1-0

[Event "CYCC U12"]
[Site "Windsor CAN"]
[Date "2016.07.07"]
[Round "4.56"]
[White "Mirabelli, Aidan"]
[Black "Wu, Tony (Dongze)"]
[Result "0-1"]
[WhiteElo "1457"]
[BlackElo "1769"]
[PlyCount "100"]
[EventDate "2016.07.05"]
[EventType "swiss"]
[EventRounds "7"]
[EventCountry "CAN"]

1. e4 c5 2. Nf3 d6 3. d4 cxd4 4. Nxd4 Nf6 5. Nc3 g6 6. Be2 Bg7 7. Be3 O-O 8.
O-O Nc6 9. Qd2 Bd7 10. Rad1 Rc8 11. Nxc6 Bxc6 12. f3 a6 13. Nd5 Nxd5 14. exd5
Ba4 15. b3 Bc3 16. Qc1 Bd7 17. Bd2 Qa5 18. Bxc3 Rxc3 19. Qb2 Qc5+ 20. Rf2 Rxc2
21. Qd4 Qxd4 22. Rxd4 Rfc8 23. Bc4 Rc3 24. Re2 Kf8 25. Rde4 b5 26. Rxe7 Rd8 27.
R7e3 Rc1+ 28. Re1 Rxe1+ 29. Rxe1 bxc4 30. bxc4 Rc8 31. Rc1 Bb5 32. a3 Rxc4 33.
Rxc4 Bxc4 34. Kf2 Bxd5 35. Ke3 Bc4 36. Kd4 d5 37. g4 g5 38. Ke5 Ke7 39. f4 gxf4
40. Kxf4 d4 41. Ke4 d3 42. Ke3 Ke6 43. h4 h6 44. g5 h5 45. a4 a5 46. g6 fxg6
47. Kd2 Kf5 48. Kd1 Ke4 49. Kd2 Kd4 50. Kd1 Ke3 0-1

[Event "CYCC U12"]
[Site "Windsor CAN"]
[Date "2016.07.07"]
[Round "4.57"]
[White "Chung, Leo"]
[Black "Zhao, Ian"]
[Result "1-0"]
[WhiteElo "1111"]
[BlackElo "1715"]
[PlyCount "84"]
[EventDate "2016.07.05"]
[EventType "swiss"]
[EventRounds "7"]
[EventCountry "CAN"]

1. Nf3 Nf6 2. g3 g6 3. Bg2 Bg7 4. d3 O-O 5. O-O d6 6. Nbd2 c5 7. c3 Nc6 8. e4
Rb8 9. a4 a6 10. Re1 e5 11. Nc4 b5 12. axb5 axb5 13. Ne3 b4 14. Bd2 Ne8 15. Nh4
Nc7 16. Nd5 Be6 17. Qc1 bxc3 18. bxc3 Bxd5 19. exd5 Ne7 20. c4 Re8 21. Bh6 Bh8
22. Ra2 Qd7 23. Qd1 Rb6 24. f4 exf4 25. gxf4 Bc3 26. Rf1 Nf5 27. Bh3 Re3 28.
Bxf5 Qe7 29. Bg5 Bf6 30. Rg2 Kh8 31. Be4 Bxg5 32. fxg5 Rxe4 33. dxe4 Qxe4 34.
Qe1 Qxe1 35. Rxe1 Rb4 36. Re7 Nxd5 37. cxd5 Rxh4 38. Rxf7 Re4 39. Rgf2 Rg4+ 40.
Kh1 Rxg5 41. Rb2 Kg8 42. Rd7 Rxd5 1-0

[Event "CYCC U12"]
[Site "Windsor CAN"]
[Date "2016.07.07"]
[Round "4.58"]
[White "Wang, Jerry"]
[Black "Mah, Sean"]
[Result "1/2-1/2"]
[WhiteElo "1014"]
[BlackElo "1589"]
[PlyCount "152"]
[EventDate "2016.07.05"]
[EventType "swiss"]
[EventRounds "7"]
[EventCountry "CAN"]

1. e4 c6 2. d4 d5 3. exd5 cxd5 4. Nf3 Nc6 5. Nc3 Bf5 6. Bb5 a6 7. Bxc6+ bxc6 8.
Bf4 e6 9. a3 Nf6 10. Ne5 Rc8 11. Qe2 Qb6 12. Rb1 c5 13. dxc5 Bxc5 14. Na4 Qa5+
15. Nc3 Bxa3 16. Ra1 Qb6 17. Rxa3 Qxb2 18. Rb3 Qa1+ 19. Qd1 Qa5 20. O-O O-O 21.
Bd2 d4 22. Nb5 Qa2 23. Ra3 Qd5 24. Nxd4 Qxd4 25. Nf3 Qb2 26. Rxa6 Bxc2 27. Qa1
Qxa1 28. Rfxa1 Ne4 29. Bb4 Rfd8 30. h3 h6 31. Ne5 Rd5 32. Nc6 Rd7 33. Ne7+ Rxe7
34. Bxe7 Bd3 35. Ra8 Rxa8 36. Rxa8+ Kh7 37. f3 Ng3 38. Ra3 Bb5 39. Kf2 Nf5 40.
Bc5 g5 41. g4 Nh4 42. Ke3 Bc6 43. f4 Ng2+ 44. Kd4 Nxf4 45. Bd6 Ng6 46. Be5 Nxe5
47. Kxe5 Kg6 48. Rc3 Bd5 49. Rc8 h5 50. Rg8+ Kh6 51. Kf6 Kh7 52. Rxg5 hxg4 53.
Rxg4 Bf3 54. Rg7+ Kh6 55. Kxf7 Bd5 56. Rg1 Kh5 57. Rg3 Kh6 58. Kf6 Kh7 59. h4
Kh6 60. Rg4 Kh5 61. Rb4 Ba2 62. Ke5 Bd5 63. Rd4 Bb3 64. Rd3 Bd5 65. Rd2 Kxh4
66. Kf4 Kh3 67. Rb2 Bc6 68. Rb8 Bd5 69. Rh8+ Kg2 70. Rb8 Bc6 71. Rb3 Bd5 72.
Rc3 Bb7 73. Kg4 Kf2 74. Rc2+ Ke3 75. Rc1 Bd5 76. Kg5 Kd4 1/2-1/2

[Event "CYCC U12"]
[Site "Windsor CAN"]
[Date "2016.07.07"]
[Round "4.59"]
[White "Cyrenne, Cole"]
[Black "Zhao, Jonathan"]
[Result "0-1"]
[WhiteElo "640"]
[BlackElo "1585"]
[PlyCount "126"]
[EventDate "2016.07.05"]
[EventType "swiss"]
[EventRounds "7"]
[EventCountry "CAN"]

1. d4 d5 2. c4 c6 3. Nc3 Nf6 4. Bg5 h6 5. Bxf6 exf6 6. Nf3 Bf5 7. e3 Bb4 8. Qb3
Qb6 9. cxd5 Bxc3+ 10. bxc3 Qxb3 11. axb3 cxd5 12. Ra5 Be6 13. Bb5+ Ke7 14. c4
Nc6 15. Bxc6 bxc6 16. O-O dxc4 17. bxc4 Bxc4 18. Rc1 Bd5 19. Nd2 f5 20. f3 Rhc8
21. Rac5 Kd7 22. e4 fxe4 23. Nxe4 Bxe4 24. fxe4 Rab8 25. d5 cxd5 26. Rxd5+ Ke6
27. Re1 Rc2 28. h3 Rbb2 29. Kh1 Rxg2 30. Rh5 Rge2 31. Rxe2 Rxe2 32. Rh4 Ra2 33.
Rg4 g5 34. h4 f6 35. h5 Ke5 36. Kg1 Re2 37. Rg3 Rxe4 38. Ra3 Kf4 39. Rxa7 Kg4
40. Kf2 Kxh5 41. Kf3 Rf4+ 42. Kg3 Rb4 43. Rf7 Kg6 44. Rf8 h5 45. Rg8+ Kf5 46.
Rc8 h4+ 47. Kh3 Rb3+ 48. Kg2 g4 49. Rc5+ Kf4 50. Rc4+ Kg5 51. Rc5+ f5 52. Rc8
h3+ 53. Kf2 g3+ 54. Ke2 h2 55. Rh8 g2 56. Rg8+ Kf4 57. Rxg2 Rb2+ 58. Kd3 Rxg2
59. Kd4 h1=Q 60. Kd3 Qd1+ 61. Kc4 Rc2+ 62. Kb5 Qb1+ 63. Ka4 Ra2# 0-1

[Event "CYCC U12"]
[Site "Windsor CAN"]
[Date "2016.07.07"]
[Round "4.60"]
[White "Shi, David"]
[Black "Dong, Yiwei"]
[Result "1-0"]
[WhiteElo "1302"]
[BlackElo "926"]
[PlyCount "137"]
[EventDate "2016.07.05"]
[EventType "swiss"]
[EventRounds "7"]
[EventCountry "CAN"]

1. e4 e6 2. d4 d5 3. Nc3 Bb4 4. e5 c5 5. a3 Ba5 6. Be3 cxd4 7. Bxd4 Nc6 8. Bb5
Nge7 9. Bc5 Bd7 10. f4 Bxc3+ 11. bxc3 Nxe5 12. Bxd7+ Nxd7 13. Bf2 Rc8 14. Qd4
Nf5 15. Qd3 O-O 16. Ne2 Nc5 17. Bxc5 Rxc5 18. O-O Qb6 19. Kh1 Rfc8 20. Rab1 Qc7
21. Rb4 b6 22. Rfb1 Rc4 23. Rxc4 Qxc4 24. Qxc4 Rxc4 25. Rb4 Rxb4 26. cxb4 Kf8
27. Kg1 Ke7 28. Kf2 a5 29. bxa5 bxa5 30. a4 h5 31. h3 h4 32. Nc1 Nd6 33. Nb3
Nc4 34. Kf3 Kd6 35. c3 e5 36. fxe5+ Kxe5 37. Kg4 Ke4 38. Nc5+ Ke3 39. Kxh4 Kd2
40. g4 Kxc3 41. g5 Kb4 42. Nd3+ Kxa4 43. Kg4 Kb5 44. h4 a4 45. h5 a3 46. Nc1
Ne5+ 47. Kf5 Nd3 48. Na2 g6+ 49. hxg6 fxg6+ 50. Kxg6 Nf4+ 51. Kf5 Ng6 52. Kxg6
d4 53. Kf5 d3 54. g6 d2 55. g7 d1=Q 56. Nc3+ Kb4 57. Nxd1 a2 58. Ne3 Kb5 59.
Nc2 Kc4 60. g8=Q+ Kb5 61. Qxa2 Kc5 62. Qa6 Kd5 63. Qb6 Kc4 64. Ke4 Kc3 65. Qc5+
Kd2 66. Qc4 Kc1 67. Kd3 Kd1 68. Qa2 Kc1 69. Qa1# 1-0

[Event "CYCC U12"]
[Site "Windsor CAN"]
[Date "2016.07.07"]
[Round "4.61"]
[White "Ladhani, Kiyan"]
[Black "Chen, Hao"]
[Result "0-1"]
[WhiteElo "874"]
[BlackElo "1296"]
[PlyCount "98"]
[EventDate "2016.07.05"]
[EventType "swiss"]
[EventRounds "7"]
[EventCountry "CAN"]

1. e4 e5 2. Nf3 Nc6 3. Bc4 Bc5 4. d3 h6 5. b3 Nf6 6. Bb2 d6 7. Nc3 Bg4 8. h3
Bh5 9. Bb5 a6 10. Bxc6+ bxc6 11. Na4 Bb6 12. g4 Bg6 13. Qd2 Rb8 14. Qc3 Qd7 15.
O-O-O Bxf2 16. Rhf1 Bg3 17. d4 Nxe4 18. dxe5 Nxc3 19. Bxc3 O-O 20. exd6 cxd6
21. Nc5 Qc8 22. Nd3 d5 23. Nde5 Bh7 24. g5 Bf4+ 25. Kb1 hxg5 26. h4 gxh4 27.
Nxh4 Bxe5 28. Bxe5 Rb7 29. Rg1 f6 30. Bd6 Rff7 31. Ng6 Bxg6 32. Rxg6 Qe6 33.
Bc5 Qf5 34. Rdg1 Rbd7 35. Rh6 g5 36. Re1 Kg7 37. Rh5 Kg6 38. Reh1 Rh7 39. Rxh7
Rxh7 40. Rg1 Qf3 41. Kb2 Rh2 42. a3 Qe2 43. Rc1 Qb5 44. Bd6 Rg2 45. Bb4 c5 46.
Bc3 d4 47. a4 dxc3+ 48. Kxc3 Qb4+ 49. Kb2 c4 0-1

[Event "CYCC U12"]
[Site "Windsor CAN"]
[Date "2016.07.07"]
[Round "4.63"]
[White "Liu, Harrison"]
[Black "Rawal, Aahaan"]
[Result "1-0"]
[WhiteElo "1676"]
[BlackElo "963"]
[PlyCount "81"]
[EventDate "2016.07.05"]
[EventType "swiss"]
[EventRounds "7"]
[EventCountry "CAN"]

1. d4 d5 2. Nc3 Nf6 3. Bf4 Bf5 4. Nb5 Na6 5. e3 c6 6. Nc3 e6 7. Bxa6 bxa6 8. a3
Bd6 9. Bxd6 Qxd6 10. Nge2 O-O 11. Ng3 Bg6 12. O-O c5 13. Re1 Rfe8 14. e4 c4 15.
e5 Qe7 16. exf6 Qxf6 17. Na4 Rab8 18. c3 a5 19. Ra2 Bd3 20. Nc5 Red8 21. Nxd3
cxd3 22. Qxd3 Re8 23. Nf1 e5 24. Qe2 e4 25. Ne3 Rb6 26. Nxd5 Qe6 27. c4 Rb7 28.
h3 h6 29. Nc3 Qd6 30. Nxe4 Qxd4 31. Nf6+ Qxf6 32. Qxe8+ Kh7 33. Qe4+ g6 34.
Qxb7 Qg7 35. Re7 Kh8 36. Rxf7 Qg8 37. Qe7 Qxf7 38. Qxf7 a4 39. Ra1 h5 40. Re1
g5 41. Re8# 1-0

[Event "CYCC U12"]
[Site "Windsor CAN"]
[Date "2016.07.07"]
[Round "4.64"]
[White "Washimkar, Arhant"]
[Black "Damarla, Rishi"]
[Result "1-0"]
[WhiteElo "1569"]
[BlackElo "932"]
[PlyCount "111"]
[EventDate "2016.07.05"]
[EventType "swiss"]
[EventRounds "7"]
[EventCountry "CAN"]

1. e4 e5 2. Nf3 Nc6 3. Bc4 Bc5 4. b4 Bxb4 5. c3 Bc5 6. d4 exd4 7. Qb3 Nf6 8. e5
Ne4 9. Bxf7+ Kf8 10. Qd5 Qe7 11. Qxe4 Qxf7 12. cxd4 Be7 13. d5 Nd8 14. Nc3 Kg8
15. Nb5 c6 16. Nc7 Rb8 17. d6 Bf8 18. Bg5 Ne6 19. Nxe6 Qxe6 20. Rd1 Qxa2 21. e6
Qxe6 22. Qxe6+ dxe6 23. d7 Bxd7 24. Rxd7 b6 25. Rxa7 Bb4+ 26. Bd2 Bd6 27. Bc3
Bf8 28. Nd4 Re8 29. O-O c5 30. Nb5 e5 31. Rb7 Re6 32. Re1 e4 33. Re3 Re7 34.
Rxe7 Bxe7 35. Rxe4 Kf7 36. Be5 Rd8 37. g3 Rd1+ 38. Kg2 Rb1 39. Nd6+ Bxd6 40.
Bxd6 Kf6 41. Kf3 Kf5 42. Re5+ Kf6 43. Kf4 Rb4+ 44. Re4 g5+ 45. Kf3 Rb3+ 46. Re3
c4 47. Be5+ Kf5 48. Rxb3 cxb3 49. Bb2 h6 50. h3 b5 51. Bc1 b4 52. Bb2 h5 53.
g4+ hxg4+ 54. hxg4+ Kg6 55. Ke4 Kh6 56. Kf5 1-0

[Event "CYCC U12"]
[Site "Windsor CAN"]
[Date "2016.07.07"]
[Round "4.66"]
[White "Wang, Terry"]
[Black "Kilroy, Sheldon"]
[Result "0-1"]
[WhiteElo "893"]
[BlackElo "1034"]
[PlyCount "136"]
[EventDate "2016.07.05"]
[EventType "swiss"]
[EventRounds "7"]
[EventCountry "CAN"]

1. e4 e5 2. Nf3 Nc6 3. Bc4 Nf6 4. Ng5 d5 5. exd5 Nxd5 6. d3 Be7 7. Qf3 O-O 8.
Qxd5 Bxg5 9. Qxd8 Bxd8 10. O-O Nd4 11. Bb3 Re8 12. c3 Ne2+ 13. Kh1 Nxc1 14.
Rxc1 Bf5 15. Bc4 a6 16. Re1 b5 17. Bd5 Rb8 18. d4 Bf6 19. dxe5 Rbd8 20. Bb7
Rxe5 21. Na3 Rd2 22. Rad1 Rde2 23. Rxe2 Rxe2 24. Bxa6 Rxb2 25. Nxb5 h6 26. f3
Rxa2 27. Bb7 Rb2 28. Bc6 Bc2 29. Ra1 Ba4 30. Na7 Bxc6 31. Nxc6 Bxc3 32. h3 Rb6
33. Ne7+ Kf8 34. Rc1 Kxe7 35. Rxc3 c6 36. Kg1 Kd6 37. Kf2 c5 38. Ke3 Kd5 39.
Kd3 Rc6 40. Rc4 Rb6 41. Kc3 Rb7 42. g4 g5 43. Kd3 Rb4 44. Rxb4 cxb4 45. Kc2 Kc4
46. Kb2 b3 47. Kb1 Kd3 48. Kb2 Ke3 49. Kxb3 Kxf3 50. Kc3 Kg3 51. Kd3 Kxh3 52.
Ke3 Kxg4 53. Kf2 Kf5 54. Kg2 g4 55. Kh2 h5 56. Kg2 h4 57. Kg1 Kg5 58. Kf2 f5
59. Kg2 f4 60. Kg1 f3 61. Kf2 h3 62. Kg1 g3 63. Kf1 g2+ 64. Kg1 Kf6 65. Kh2 f2
66. Kxh3 g1=Q 67. Kh4 f1=Q 68. Kh5 Qh3# 0-1

[Event "CYCC U12"]
[Site "Windsor CAN"]
[Date "2016.07.07"]
[Round "4.67"]
[White "Wang, Kevin"]
[Black "Xing, Kun"]
[Result "1/2-1/2"]
[WhiteElo "1034"]
[BlackElo "905"]
[PlyCount "53"]
[EventDate "2016.07.05"]
[EventType "swiss"]
[EventRounds "7"]
[EventCountry "CAN"]

1. e4 e5 2. Nf3 Nc6 3. Bc4 Bc5 4. Nc3 Nf6 5. O-O O-O 6. d3 d6 7. Bg5 Be6 8. Nd5
Bxd5 9. Bxd5 h6 10. Bxf6 Qxf6 11. c3 Rab8 12. a4 a6 13. Bxc6 bxc6 14. Rb1 a5
15. Qc2 d5 16. d4 exd4 17. e5 Qf4 18. Rfe1 dxc3 19. Qxc3 Bb4 20. Qxc6 Bxe1 21.
Rxe1 Qc4 22. Rc1 Qxc6 23. Rxc6 Rxb2 24. h3 Rb6 25. Rxc7 Re8 26. Rc5 d4 27. Nxd4
1/2-1/2

[Event "CYCC U12"]
[Site "Windsor CAN"]
[Date "2016.07.07"]
[Round "4.69"]
[White "Asemota, Eghosa"]
[Black "Cloutier, Simon"]
[Result "0-1"]
[WhiteElo "782"]
[BlackElo "1167"]
[PlyCount "94"]
[EventDate "2016.07.05"]
[EventType "swiss"]
[EventRounds "7"]
[EventCountry "CAN"]

1. d4 d5 2. c4 c6 3. Nf3 Nd7 4. Nc3 Ngf6 5. g3 e6 6. c5 Be7 7. Bg2 b6 8. cxb6
axb6 9. O-O O-O 10. e3 h6 11. Ne5 Nxe5 12. dxe5 Nd7 13. e4 Nxe5 14. b3 Ba6 15.
Re1 d4 16. Bf4 Nd3 17. Re2 Nxf4 18. Rd2 Ng6 19. Rxd4 Qc7 20. Rd7 Qc8 21. Na4
Rb8 22. Rc1 c5 23. Rc2 Bb5 24. Nc3 Bxd7 25. Rd2 Bc6 26. Bf3 Ne5 27. Bh1 Rd8 28.
Rxd8+ Qxd8 29. Qxd8+ Rxd8 30. a4 Bf6 31. f4 Nf3+ 32. Bxf3 Bxc3 33. h4 Rd2 34.
g4 e5 35. fxe5 Bxe5 36. g5 hxg5 37. hxg5 Bf4 38. a5 bxa5 39. g6 fxg6 40. e5
Bxf3 41. b4 axb4 42. e6 Bc6 43. e7 b3 44. Kf1 b2 45. e8=Q+ Bxe8 46. Ke1 Rh2 47.
Kd1 b1=Q# 0-1

[Event "CYCC U12"]
[Site "Windsor CAN"]
[Date "2016.07.07"]
[Round "4.70"]
[White "Rivard, Jacob"]
[Black "Chakkoli, Anirud"]
[Result "0-1"]
[WhiteElo "1080"]
[BlackElo "747"]
[PlyCount "90"]
[EventDate "2016.07.05"]
[EventType "swiss"]
[EventRounds "7"]
[EventCountry "CAN"]

1. e4 c5 2. Nc3 d6 3. Bb5+ Bd7 4. Bc4 a6 5. Qf3 Nf6 6. Nh3 e6 7. Ng5 Qc7 8. d3
Be7 9. Nh3 h6 10. Qg3 Nh5 11. Qg4 Nf6 12. Qxg7 Rh7 13. Qg3 Nc6 14. Ne2 O-O-O
15. O-O Rg8 16. Qf4 h5 17. Rd1 Rhg7 18. d4 Nb4 19. Rd2 d5 20. Qe3 Nxe4 21. Rd1
Nxc2 22. Qb3 Nxa1 23. Qa3 Rxg2+ 24. Kf1 Rxh2 25. Bf4 Rh1+ 26. Neg1 Bd6 27. Bxd6
Qxd6 28. dxc5 Qxc5 29. Bxa6 Qxa3 30. bxa3 Nc2 31. Bd3 Nxf2 32. Nxf2 Rgxg1+ 33.
Ke2 Nd4+ 34. Kd2 Nf3+ 35. Ke2 Nd4+ 36. Kd2 Rxd1+ 37. Nxd1 Rh2+ 38. Kc3 Nc6 39.
Ne3 d4+ 40. Kc4 dxe3 41. a4 Ne5+ 42. Kd4 Nxd3 43. Kxd3 Rh3 44. Ke2 Bxa4 45. Ke1
Bb5 0-1

[Event "CYCC U12"]
[Site "Windsor CAN"]
[Date "2016.07.07"]
[Round "5.49"]
[White "England, Max"]
[Black "Huang, Patrick"]
[Result "0-1"]
[WhiteElo "1922"]
[BlackElo "1942"]
[PlyCount "70"]
[EventDate "2016.07.05"]
[EventType "swiss"]
[EventRounds "7"]
[EventCountry "CAN"]

1. e4 c5 2. d4 cxd4 3. c3 dxc3 4. Nxc3 Nc6 5. Nf3 d6 6. Bc4 a6 7. O-O Nf6 8.
Qe2 Bg4 9. Rd1 e6 10. h3 Bxf3 11. Qxf3 Ne5 12. Qe2 Nxc4 13. Qxc4 Qc8 14. Qd3
Be7 15. Bf4 O-O 16. Bxd6 Bxd6 17. Qxd6 Rd8 18. Qf4 Qc4 19. Qe3 b5 20. b3 Qc6
21. f3 Rac8 22. Ne2 h6 23. Rxd8+ Rxd8 24. Rc1 Qd7 25. Nc3 Qd2 26. Re1 Qxe3+ 27.
Rxe3 b4 28. Na4 Rd2 29. Kf1 Nh5 30. Re2 Ng3+ 31. Kf2 Nxe2 32. Ke3 Rxa2 33. Kd3
Rxa4 34. bxa4 b3 35. a5 Kf8 0-1

[Event "CYCC U12"]
[Site "Windsor CAN"]
[Date "2016.07.07"]
[Round "5.51"]
[White "Huang, Qiuyu"]
[Black "Tanaka, Tyler"]
[Result "1-0"]
[WhiteElo "2102"]
[BlackElo "1583"]
[PlyCount "85"]
[EventDate "2016.07.05"]
[EventType "swiss"]
[EventRounds "7"]
[EventCountry "CAN"]

1. e4 c5 2. Nf3 Nc6 3. d4 cxd4 4. Nxd4 g6 5. Nc3 Bg7 6. Be3 Nf6 7. Bc4 O-O 8.
Bb3 d6 9. f3 Bd7 10. Qd2 Rc8 11. O-O-O Ne5 12. Kb1 Nc4 13. Bxc4 Rxc4 14. g4 Qc7
15. g5 Nh5 16. Nd5 Qd8 17. Ne2 b5 18. Bxa7 Be6 19. Bd4 Bxd5 20. exd5 Qc8 21.
Bxg7 Kxg7 22. Ng3 Rh4 23. Nxh5+ Rxh5 24. h4 Qf5 25. Qe2 Rc8 26. Rd3 Rc7 27. Qe3
Qd7 28. b3 Qc8 29. c3 Qb7 30. Kb2 Rc4 31. bxc4 bxc4+ 32. Kc2 cxd3+ 33. Qxd3 Qa8
34. Qd4+ Kg8 35. a4 Qa6 36. Re1 Qb7 37. Rb1 Qc8 38. a5 Qf5+ 39. Qe4 Qd7 40. a6
Qa7 41. Qd4 Qc7 42. a7 e5 43. a8=Q+ 1-0

[Event "CYCC U12"]
[Site "Windsor CAN"]
[Date "2016.07.07"]
[Round "5.52"]
[White "Hemstapat, Andrew"]
[Black "Chung, Leo"]
[Result "1-0"]
[WhiteElo "1883"]
[BlackElo "1111"]
[PlyCount "107"]
[EventDate "2016.07.05"]
[EventType "swiss"]
[EventRounds "7"]
[EventCountry "CAN"]

1. e4 c5 2. Nf3 d6 3. d4 cxd4 4. Nxd4 Nf6 5. Nc3 a6 6. Bg5 Nbd7 7. Bc4 e6 8.
O-O h6 9. Be3 Ne5 10. Bb3 b5 11. f4 Nc4 12. Bxc4 bxc4 13. Qf3 Bb7 14. Rae1 d5
15. e5 Ne4 16. Nxe4 dxe4 17. Qg4 Be7 18. Qxg7 Kd7 19. Qxf7 Bd5 20. Nxe6 Qg8 21.
Nc5+ Kd8 22. Qf5 Bxc5 23. Bxc5 e3 24. g3 Qe6 25. Qxe6 Bxe6 26. Rd1+ Kc7 27.
Bxe3 c3 28. f5 Bxa2 29. b3 Rae8 30. Ra1 Bxb3 31. cxb3 Kb7 32. e6 Rh7 33. Rac1
Rc7 34. Rf2 h5 35. Rfc2 Rf8 36. e7 Rxe7 37. Bc5 Ref7 38. Bxf8 Rxf8 39. Rxc3
Rxf5 40. Rc5 Rf3 41. Rxh5 Rxb3 42. Rf1 Rc3 43. Rb1+ Ka7 44. Rh7+ Ka8 45. Rhb7
Rc8 46. h4 a5 47. R7b5 Rc7 48. Rxa5+ Ra7 49. Rxa7+ Kxa7 50. h5 Ka6 51. h6 Ka7
52. h7 Ka6 53. h8=Q Ka7 54. Qa1# 1-0